Central Library and Information Centre
Sibsagar Girls' College, Sivasagar : Assam

PYGMALION (Record no. 1040)

MARC details
000 -LEADER
fixed length control field 00343cam a2200169ua 4500
008 - FIXED-LENGTH DATA ELEMENTS--GENERAL INFORMATION
fixed length control field 131120n II |||gr||||Z||||||eng
040 ## - CATALOGING SOURCE
Original cataloging agency MAIN
041 ## - LANGUAGE CODE
-- English
082 ## - DEWEY DECIMAL CLASSIFICATION NUMBER
Classification number 823 BER
100 ## - MAIN ENTRY--PERSONAL NAME
Personal name BERNARD SHOW.
245 ## - TITLE STATEMENT
Title PYGMALION
300 ## - PHYSICAL DESCRIPTION
Dimensions 20CM.
500 ## - GENERAL NOTE
General note MISSING
942 ## - ADDED ENTRY ELEMENTS (KOHA)
Koha item type Books
653 ## - INDEX TERM--UNCONTROLLED
Uncontrolled term English fiction
Holdings
Withdrawn status Lost status Damaged status Not for loan Collection code Home library Current library Shelving location Date acquired Full call number Barcode Date last seen Copy number Price effective from Koha item type Public note
        TBENG Central Library and Information Centre Sibsagar Girls College Central Library and Information Centre Sibsagar Girls College ENGLISH BOOK RACK 07.04.1968 823 BER 01132 27.02.2020 1 27.02.2020 Books V


Sibsagar Girl's College © 2020. All rights reserved.
Powered by Koha.
Maintained by Abhijit Borpuzari.